[Event "Silver Lake Open-A 2018"]
[Site "Veliko Gradiste"]
[Date "2018.06.18"]
[Round "3"]
[White "Sanal, Vahap"]
[Black "Eric, Jovana"]
[Result "1-0"]
[WhiteElo "2510"]
[BlackElo "2324"]
[Annotator "TA"]
[PlyCount "61"]
[EventDate "2018.06.17"]
[EventType "swiss"]
[EventCountry "SRB"]
[SourceTitle "playchess.com"]
[Source "ChessBase"]
[SourceQuality "1"]

{[%evp 17,61,33,15,7,8,0,12,12,10,0,0,9,7,12,41,45,55,70,131,131,140,148,246,216,194,135,156,127,143,143,142,146,316,305,282,297,314,297,305,314,364,372,359,360,357,340]} 1. c4 f5 2. Nc3 Nf6 3. g3 g6 4. Bg2 Bg7 5. Nf3 d6 6. d4 O-O 7. O-O c6 8. b3 Qa5 9. Bd2 e5 {LiveBook: 4 Games. A88: Dutch Defence: Leningrad System: 5 Nf3 0-0 6 0-0 d6 7 Nc3 c6} 10. c5 {Strongly threatening Ne4!} exd4 11. Ne4 Qd8 {The position is equal.} 12. Nxd6 Ne4 13. Bf4 {With the idea Qd3.} Na6 14. Nxd4 Naxc5 {And now ...Nc3 would win.} 15. b4 Bxd4 16. bxc5 ({Wrong is} 16. Qxd4 $2 Ne6 $19) 16... Bxa1 17. Qb3+ $1 Kg7 ({Black should try} 17... Kh8 $14 18. Rxa1 Qf6) 18. Rxa1 $16 Qf6 {[#]} 19. Rd1 $1 {[%mdl 1024] White has strong compensation.} Qe6 (19... Nxd6 $16 20. cxd6 Rf7) 20. Qb2+ $18 Kg8 21. Bh6 (21. Bxe4 $18 fxe4 22. Bh6) 21... Qf6 $16 22. Qb3+ Be6 23. Qxb7 Rab8 24. Qxc6 $40 {[%mdl 128] Black is in trouble.} Rfc8 $2 (24... Nc3 $16 {was worth a try.} 25. Re1 Rfd8) 25. Nxc8 $18 Rxc8 {[#]} 26. Qa6 $1 Nxc5 27. Qxa7 g5 28. Rc1 Ne4 29. Rxc8+ {White is winning.} Bxc8 30. Bxe4 fxe4 31. Qa8 {Precision: White = 82%, Black = 51%.} 1-0

[Event "Silver Lake Open-A 2018"]
[Site "Veliko Gradiste"]
[Date "2018.06.18"]
[Round "3"]
[White "Damljanovic, Branko"]
[Black "Stevanic, David"]
[Result "1-0"]
[WhiteElo "2499"]
[BlackElo "2297"]
[Annotator "TA"]
[PlyCount "117"]
[EventDate "2018.06.17"]
[EventType "swiss"]
[EventCountry "SRB"]
[SourceTitle "playchess.com"]
[Source "ChessBase"]
[SourceQuality "1"]

{[%evp 15,117,-15,-20,-19,1,-18,-8,-67,-64,-72,-69,-75,-74,-93,-88,-92,-8,-9,0,-12,19,6,8,14,21,23,34,32,40,14,160,149,213,222,223,230,243,234,222,231,226,227,224,217,222,220,219,222,220,220,319,319,319,311,405,289,294,149,149,149,486,149,183,45,46,49,155,168,194,194,194,194,313,307,383,227,202,194,396,389,381,194,194,194,200,200,200,200,200,200,200,105,596,421,672,671,627,605,1090,1024,29978,29971,29987,29988]} 1. Nf3 d5 2. c4 e6 3. b3 Nf6 4. g3 c5 5. Bg2 Nc6 6. Nc3 {A13: English Opening: 1...e6} Be7 7. O-O O-O 8. e3 d4 {LiveBook: 6 Games} 9. Na4 Re8 10. d3 e5 11. e4 (11. Ba3 $11) 11... Bg4 12. Bd2 Nd7 13. Qc2 a6 14. Kh1 b5 15. Nb2 Bxf3 (15... Nb6 $17) 16. Bxf3 $11 Bg5 17. Be1 Ne7 18. Bg4 Nf6 19. Bh3 Qc7 20. cxb5 axb5 21. a4 Reb8 22. b4 c4 (22... h5 $11) 23. dxc4 $16 bxc4 (23... bxa4 $16 {might work better.} 24. Rxa4 Rxa4 25. Nxa4 Nc6) 24. Qxc4 $18 Qxc4 25. Nxc4 Nxe4 26. Bg2 f5 27. f3 (27. Nxe5 $6 Ra7 $16) 27... Nc3 28. Bxc3 (28. Nxe5 $6 f4 $16) 28... dxc3 29. f4 (29. Nxe5 f4 $11) 29... e4 30. fxg5 {Threatens to win with b5.} Rxb4 31. Ne3 Rbxa4 32. Rac1 Rc8 (32... g6 $142 33. Rxc3 Ra3) 33. Nxf5 Nxf5 34. Rxf5 c2 35. Rf4 Rd4 36. Kg1 (36. Bh3 $18 Rc6 37. Bg4) 36... Rd1+ 37. Rf1 Rd4 $2 {[%mdl 8192]} (37... Rd2 $16 {is a better chance.} 38. Bxe4 g6) 38. Rfe1 $2 (38. Bh3 $1 $18 {[%cal Rh3e6] and the rest is easy.} Re8 39. Rxc2) 38... e3 39. Bf3 (39. Bh3 $1 $18 {[%cal Rh3c8]} Rc6 40. Kf1 (40. Bf5 Rd2 $16)) 39... Rc3 $14 40. Kg2 {Re2 is the strong threat.} Rd2+ {[#]} (40... Kf7 $1 $14) 41. Be2 $1 $16 Kf7 42. Kf3 Ke6 43. Ra1 Kd6 (43... h6 {keeps fighting.} 44. gxh6 gxh6) 44. Rec1 $18 Rd5 45. Ra6+ (45. Ra2 $142) 45... Ke5 46. Ra4 {Black must now prevent Rc4.} Rd4 $2 (46... Rd8 47. h4 Rf8+ 48. Rf4 Rb8) 47. Ra2 Rd2 48. Ra7 (48. g4 $142) 48... Rd8 49. Re7+ (49. Rxg7 $6 Rf8+ 50. Kg4 Rf2 $14) 49... Kd4 50. Rxg7 Rf8+ 51. Kg4 {Hoping for Rd7+.} Rf2 52. Rd7+ ({Inferior is} 52. Rxh7 Rxe2 53. Rd7+ Ke4 $11) 52... Ke5 53. Bd3 ({Stronger than} 53. Rxh7 Rxe2 54. g6 Kf6 $11) ({Better is} 53. Bb5 $18) 53... Rxh2 $2 {[%mdl 8192]} (53... Ke6 $16 {is more resistant.} 54. Rd8 Rxh2) 54. Bxh7 Rd2 (54... Rc8 $142 55. Bd3 Rd2 56. Re7+ Kd5) 55. Re7+ Kd6 {[#]} 56. Re8 $1 Kd7 57. g6 {[%cal Bg5g6,Bg6g7][%mdl 32] And now g7 would win.} Rg2 58. Kh3 Kxe8 59. g7 {Precision: White = 54%, Black = 33%.} ({Weaker is} 59. Kxg2 Kf8 $16) 1-0

[Event "Silver Lake Open-A 2018"]
[Site "Veliko Gradiste"]
[Date "2018.06.18"]
[Round "3"]
[White "Gazik, Viktor"]
[Black "Toncheva, Nadya"]
[Result "1/2-1/2"]
[WhiteElo "2490"]
[BlackElo "1963"]
[Annotator "TA"]
[PlyCount "66"]
[EventDate "2018.06.17"]
[EventType "swiss"]
[EventCountry "SRB"]
[SourceTitle "playchess.com"]
[Source "ChessBase"]
[SourceQuality "1"]

{[%evp 12,66,-5,-9,10,-2,-8,-13,-6,-1,48,23,45,25,43,37,49,-12,4,-13,16,0,0,-17,-12,-22,-33,-81,-61,-75,-72,-95,-84,-214,-204,-204,-202,-202,-198,-185,-177,-189,-191,-211,-141,-131,-133,-133,-106,-150,10,12,8,19,33,41,17]} 1. d4 d5 2. Bf4 e6 3. e3 Bd6 4. Bg3 Nf6 5. Nd2 b6 6. c3 {D00: 1 d4 d5: Unusual lines} Bb7 7. Ngf3 {LiveBook: 9 Games} Nbd7 8. Bd3 {The position is equal.} Qe7 9. Ne5 Bxe5 10. dxe5 Ng8 11. Qa4 c6 12. Bc2 Nh6 13. e4 Nc5 14. Qb4 (14. Qa3 $1 $14) 14... a5 15. Qd4 Rd8 {[#] aiming for ...dxe4.} 16. exd5 Rxd5 17. Qe3 Nf5 $36 {[%mdl 2048] Black fights for an advantage.} 18. Bxf5 $1 exf5 {[%cal Be6f5,Bf5f4][%mdl 32]} 19. O-O O-O 20. Nf3 Ne6 {Strongly threatening ...g5.} 21. h4 c5 22. Qe2 (22. Ng5 $17) 22... f4 $19 23. Bh2 Rfd8 24. Rfd1 h6 25. Rxd5 Bxd5 {[%cal Bb7d5,Bd5c4,Bc4d3][%mdl 32]} 26. g3 Qb7 27. Ne1 fxg3 28. Bxg3 b5 29. f4 {[%cal Bf2f4,Bf4f5][%mdl 32]} Bc4 30. Qe3 {[#]} Qd5 $2 ({Better is} 30... g6 $1 $17 31. h5 Ng7) 31. f5 $11 {b3 is the strong threat.} Nf8 32. b3 Bd3 $1 {[%cal Rd3f5]} 33. Rd1 c4 {Precision: White = 37%, Black = 60%.} 1/2-1/2

[Event "Silver Lake Open-A 2018"]
[Site "Veliko Gradiste"]
[Date "2018.06.18"]
[Round "3"]
[White "Milanovic, Danilo"]
[Black "Kantorik, Marian"]
[Result "1/2-1/2"]
[WhiteElo "2461"]
[BlackElo "2260"]
[Annotator "TA"]
[PlyCount "55"]
[EventDate "2018.06.17"]
[EventType "swiss"]
[EventCountry "SRB"]
[SourceTitle "playchess.com"]
[Source "ChessBase"]
[SourceQuality "1"]

{[%evp 22,55,26,12,15,-54,-16,-25,20,20,38,42,34,0,46,15,0,9,17,-26,25,13,15,0,0,-1,35,0,0,0,0,8,8,-15,36,0]} 1. d4 d6 2. e4 Nf6 3. Nc3 g6 4. g3 Bg7 5. Bg2 O-O 6. Nge2 {[%cal Bg1e2,Be2d4,Bd4b3][%mdl 32]} Nbd7 7. O-O e5 8. h3 exd4 9. Nxd4 Re8 10. Re1 c6 11. a4 {B07: Pirc Defence: Miscellaneous Systems} a5 12. Nb3 {LiveBook: 3 Games} Nb6 13. f4 (13. Rb1 $11) 13... Be6 14. Nd4 Qc7 15. b3 Rad8 16. Be3 Bc8 17. Qf3 Nbd7 18. Rad1 Nc5 {aiming for ...Nfxe4.} 19. Bf2 h5 20. Kh1 Qb8 ({Black should try} 20... d5 21. exd5 Rxe1+ 22. Rxe1 Nxd5) 21. Bg1 Rd7 22. Qf1 Rde7 {[%cal Rf6e4]} 23. e5 $1 {[%cal Re5f6]} Nfd7 {[%cal Rd6e5]} 24. exd6 (24. Nde2 $5 {[%cal Rd1d6]}) 24... Rxe1 25. Rxe1 Rxe1 26. Qxe1 Qxd6 27. Qe8+ Qf8 (27... Nf8 $11 28. Qe3 (28. Qxc8 $2 Bxd4 29. Ne2 Bxg1 $19) 28... Bd7) 28. Qxf8+ {Precision: White = 34%, Black = 40%.} 1/2-1/2

[Event "Silver Lake Open-A 2018"]
[Site "Veliko Gradiste"]
[Date "2018.06.18"]
[Round "3"]
[White "Kasparov, Sergey"]
[Black "Vafiadis, Kleanthis"]
[Result "1/2-1/2"]
[WhiteElo "2456"]
[BlackElo "2247"]
[Annotator "TA"]
[PlyCount "75"]
[EventDate "2018.06.17"]
[EventType "swiss"]
[EventCountry "SRB"]
[SourceTitle "playchess.com"]
[Source "ChessBase"]
[SourceQuality "1"]

{[%evp 19,75,-35,0,-10,0,0,0,0,0,-65,-70,-52,-58,-59,-70,-108,-54,-40,-42,-41,-48,-49,-52,-47,20,27,20,-304,-305,-289,-297,-345,6,5,27,34,60,56,54,-118,13,0,0,0,0,0,70,66,76,74,125,116,154,151,183,58,86,20]} 1. e4 c5 2. Nf3 d6 3. d4 cxd4 4. Nxd4 Nf6 5. Nc3 g6 6. Be2 Bg7 7. Nb3 Nc6 8. O-O O-O 9. Be3 Be6 10. f3 Rc8 {LiveBook: 3 Partien. B74: Sizilianisch (Drachen-Variante)} 11. Qd2 Ne5 12. Rfd1 Bc4 {Die Stellung ist ausgeglichen.} 13. Bd3 d5 {[%cal Bd6d5,Bd5d4][%mdl 32]} 14. Bxc4 (14. Bxa7 $11 dxe4 15. Bxe4 Nxe4 16. Qxd8 Rfxd8 17. Rxd8+ Rxd8 18. fxe4) 14... Nxc4 $15 15. Qc1 {[%cal Re4d5]} e6 16. Rb1 Nh5 17. Bd4 e5 ({Günstiger ist} 17... Bxd4+ $17 18. Rxd4 Nf4 $1 {[%mdl 512]}) 18. Bc5 d4 $1 19. Nd5 $1 {[%cal Rd5e7]} (19. Bxf8 $2 Qxf8 20. Nd5 Bh6 $19) 19... Re8 {Und ...Sf6 würde nun gewinnen.} 20. c3 $1 {[%cal Rc3d4]} b6 21. cxd4 Nd6 (21... bxc5 $15 22. Qxc4 cxd4) 22. Nc3 $36 {[%mdl 2048] Schwarz steht unter Druck.} Nf4 $1 23. Bxd6 $4 {[%mdl 8192]} (23. Kh1 $11 {und Weiss muss sich keine Sorgen machen.}) 23... Rxc3 $1 $19 24. Qd2 Rd3 $1 {[%cal Rd3d2]} (24... Rxb3 25. axb3 (25. dxe5 Bh6 $17) 25... Qxd6 26. d5 $17) 25. Qb4 a5 $2 (25... Qg5 $19 {[%csl Gf4][%cal Rg5g2]} 26. g3 Rxf3) 26. Qb5 $1 $11 {[%csl LRd3,LRe5]} Rxd1+ (26... Rxf3 $5 27. Bc7 (27. gxf3 Qg5+ 28. Kf2 Nh3+ 29. Ke1 Qh4+ 30. Kd2 Qf2+ 31. Qe2 Bh6+ 32. f4 Qxf4+ 33. Kc2 Rc8+ 34. Nc5 Qf2 $16) (27. Bxe5 Rxe5 28. dxe5 Qg5 $11) (27. dxe5 Re3 $16) 27... Qe7 $16) 27. Rxd1 {Und weiter mit d5 wäre nett.} Re6 $1 {[%cal Re6d6]} 28. Ba3 $1 ({Nur nicht} 28. dxe5 $2 Bxe5 $1 {[%mdl 512]} 29. g3 Rxd6 $19) 28... exd4 29. Nc1 $2 (29. g3 $14 {bleibt weiter vorne.} Re5 30. Qa6 (30. Rxd4 Qa8 $14)) 29... Re5 ({Lieber} 29... Qc8 $17 30. Qf1 Qc2) 30. Qf1 Rg5 31. g3 b5 {Droht ...b4 und aus.} 32. b3 Be5 (32... b4 $11 33. Bb2 Rc5) 33. Nd3 $14 Nxd3 34. Qxd3 Qb8 (34... Bc7 $142) 35. Bc1 $16 Rh5 {[#] Droht ...Lxg3!} 36. f4 $1 {[%cal Rf4e5]} Bc7 37. Kh1 (37. Bb2 $18) 37... Bb6 38. Bb2 {Precision: Weiß = 55%, Schwarz = 40%.} 1/2-1/2

[Event "Silver Lake Open-A 2018"]
[Site "Veliko Gradiste"]
[Date "2018.06.18"]
[Round "3"]
[White "Radovanovic, Nikola"]
[Black "Pantelic, Sasa"]
[Result "1-0"]
[WhiteElo "2438"]
[BlackElo "2338"]
[Annotator "TA"]
[PlyCount "73"]
[EventDate "2018.06.17"]
[EventType "swiss"]
[EventCountry "SRB"]
[SourceTitle "playchess.com"]
[Source "ChessBase"]
[SourceQuality "1"]

{[%evp 24,73,24,18,42,49,25,36,49,43,47,32,26,0,93,37,133,146,135,117,189,156,353,371,371,367,365,366,361,361,356,343,367,358,407,432,432,423,627,614,580,492,480,478,29984,29985,12834,721,688,679,666,614]} 1. e4 c5 2. Nf3 d6 3. d4 cxd4 4. Nxd4 Nf6 5. Nc3 g6 6. Be3 Bg7 7. f3 O-O 8. Qd2 Nc6 9. g4 Be6 10. Nxe6 fxe6 11. O-O-O Ne5 12. Be2 Qc8 {B76: Sicilian Dragon: Yugoslav Attack, 9 g4 and 9 0-0-0} 13. Rhe1 {LiveBook: 5 Games} Nc4 14. Bxc4 $1 Qxc4 {White is slightly better.} 15. Bd4 e5 16. Be3 b5 17. Kb1 a5 18. h4 a4 (18... b4 $11 {keeps the balance.} 19. Na4 Nd7) 19. g5 (19. a3 $16) 19... b4 (19... Nh5 $14) 20. Nxa4 $1 $16 Nh5 ({Wrong is} 20... Rxa4 $2 21. b3 $18) 21. b3 $36 {[%mdl 2048] White has strong initiative.} Qb5 {[#]} (21... Qa6 $16) 22. Nb6 $1 $18 Qa6 $2 (22... Rab8 $16) 23. Nxa8 Rxa8 24. a4 bxa3 25. Ka2 Rf8 26. Rf1 Nf4 27. c4 Kh8 28. Bxf4 exf4 {[#]} 29. h5 $1 gxh5 30. Rh1 Rb8 (30... Qb6 $142 31. Rxh5 Rb8) 31. Rxh5 Qb6 {[%csl Gb8][%cal Rb6b3]} 32. Qd3 Qf2+ 33. Rd2 Qg1 (33... Qe3 $18 34. Qxe3 fxe3) 34. e5 $1 {[%csl Gh5][%cal Rd3h7]} h6 35. gxh6 (35. Rdh2 $142 dxe5 36. Rxh6+ Kg8 37. Qd5+ Kf8 {[#]} 38. g6 $1 {[%mdl 512]} Qb1+ 39. Kxb1 a2+ 40. Kxa2 e6 41. Qd6+ Kg8 42. Qxe6+ Kf8 43. Qf7#) 35... Bxe5 {[#]} 36. Rxe5 $1 {[%mdl 512]} dxe5 37. Qe4 {Precision: White = 76%, Black = 28%.} 1-0

[Event "Silver Lake Open-A 2018"]
[Site "Veliko Gradiste"]
[Date "2018.06.18"]
[Round "3"]
[White "Abramovic, Bosko"]
[Black "Velickovic, Sasa"]
[Result "1/2-1/2"]
[WhiteElo "2415"]
[BlackElo "2275"]
[Annotator "TA"]
[PlyCount "20"]
[EventDate "2018.06.17"]
[EventType "swiss"]
[EventCountry "SRB"]
[SourceTitle "playchess.com"]
[Source "ChessBase"]
[SourceQuality "1"]

{[%evp 19,20,37,46]} 1. e4 d6 2. d4 Nf6 3. Nc3 g6 4. Nge2 Bg7 5. g3 O-O 6. Bg2 Nbd7 7. O-O c5 8. h3 cxd4 9. Nxd4 a6 {B70: Sicilian Dragon: 6 g3 and 6 Be2 (without a later Be3)} 10. a4 Qc7 {LiveBook: 7 Games} 1/2-1/2

[Event "Silver Lake Open-A 2018"]
[Site "Veliko Gradiste"]
[Date "2018.06.18"]
[Round "3"]
[White "Filev, Georgi"]
[Black "Vujacic, Borivoje"]
[Result "1-0"]
[WhiteElo "2390"]
[BlackElo "2211"]
[Annotator "NA"]
[PlyCount "41"]
[EventDate "2018.06.17"]
[EventType "swiss"]
[EventCountry "SRB"]
[SourceTitle "playchess.com"]
[Source "ChessBase"]
[SourceQuality "1"]
[TimeControl "40/5400+30:900+30"]

1. e4 {[%emt 0:00:00]} c5 {[%emt 0:00:14]} 2. Nf3 {[%emt 0:00:00]} d6 {[%emt 0:00:14]} 3. d4 {[%emt 0:00:00]} cxd4 {[%emt 0:00:07]} 4. Nxd4 {[%emt 0:00:02]} Nf6 {[%emt 0:00:06]} 5. Nc3 {[%emt 0:00:11]} a6 {[%emt 0:00:06]} 6. Bg5 {[%emt 0:00:21]} e6 {[%emt 0:00:49]} 7. f4 {[%emt 0:00:12]} h6 {[%emt 0:00:24]} 8. Bh4 {[%emt 0:00:20]} Be7 {[%emt 0:00:13]} 9. Qf3 {[%emt 0:00:29]} Qc7 {[%emt 0:00:28]} 10. O-O-O {[%emt 0:00:21]} Nbd7 {[%emt 0:00:08]} 11. Be2 {[%emt 0:01:33]} Rb8 {[%emt 0:06:14]} 12. Qg3 {[%emt 0:06:21]} b5 {[%emt 0:22:31]} 13. e5 {[%emt 0:47:28]} g5 {[%emt 0:05:39]} 14. exf6 {[%emt 0:10:10]} gxh4 {[%emt 0:04:33]} 15. Nxe6 {[%emt 0:02:48]} hxg3 {[%emt 0:08:30]} 16. Nxc7+ {[%emt 0:00:12]} Kd8 {[%emt 0:00:22]} 17. fxe7+ {[%emt 0:00:27]} Kxc7 {[%emt 0:00:59]} 18. Nd5+ $18 {[%emt 0:00:29]} Kc6 {[%emt 0:11:21]} 19. Bf3 {[%emt 0:00:34]} Bb7 {[%emt 0:01:39]} 20. hxg3 {[%emt 0:01:53]} Nb6 {[%emt 0:03:14]} 21. Nf6+ {[%emt 0:04:39]} 1-0

[Event "Silver Lake Open-A 2018"]
[Site "Veliko Gradiste"]
[Date "2018.06.18"]
[Round "3"]
[White "Dudukovic, Nikola"]
[Black "Farkas, Sandor I"]
[Result "1-0"]
[WhiteElo "2385"]
[BlackElo "1977"]
[Annotator "NA"]
[PlyCount "51"]
[EventDate "2018.06.17"]
[EventType "swiss"]
[EventCountry "SRB"]
[SourceTitle "playchess.com"]
[Source "ChessBase"]
[SourceQuality "1"]
[TimeControl "40/5400+30:900+30"]

1. e4 {[%emt 0:01:35]} c5 {[%emt 0:00:15]} 2. Nc3 {[%emt 0:00:06]} e6 {[%emt 0:01:07]} 3. Nf3 {[%emt 0:00:30]} a6 {[%emt 0:00:28]} 4. g3 {[%emt 0:02:19]} Nc6 {[%emt 0:00:52]} 5. Bg2 {[%emt 0:00:17]} d6 {[%emt 0:02:34]} 6. O-O {[%emt 0:01:56]} Nf6 {[%emt 0:01:11]} 7. d4 {[%emt 0:00:42]} cxd4 {[%emt 0:00:15]} 8. Nxd4 {[%emt 0:00:05]} Bd7 {[%emt 0:01:54]} 9. Nce2 {[%emt 0:12:45]} Be7 {[%emt 0:03:44]} 10. h3 {[%emt 0:06:18]} O-O {[%emt 0:01:58]} 11. c4 Rc8 {[%emt 0:05:28]} 12. b3 {[%emt 0:07:44]} Nxd4 {[%emt 0:03:33]} 13. Nxd4 {[%emt 0:00:36]} b5 {[%emt 0:00:33]} 14. cxb5 {[%emt 0:00:30]} axb5 {[%emt 0:00:30]} 15. Qe2 {[%emt 0:00:30]} Qa5 {[%emt 0:00:30]} 16. Bd2 {[%emt 0:00:30]} Qb6 17. Be3 {[%emt 0:13:54]} Qb8 {[%emt 0:07:22]} 18. a4 {[%emt 0:00:30]} bxa4 {[%emt 0:00:30]} 19. bxa4 {[%emt 0:00:30]} d5 {[%emt 0:00:30]} 20. Rfb1 {[%emt 0:00:30]} Qa8 {[%emt 0:00:30]} 21. e5 {[%emt 0:00:30]} Ne4 {[%emt 0:00:30]} 22. Bxe4 {[%emt 0:00:30]} dxe4 {[%emt 0:00:30]} 23. a5 {[%emt 0:00:30]} Bc5 {[%emt 0:00:30]} 24. Nc2 {[%emt 0:00:30]} Qa7 {[%emt 0:00:30]} 25. a6 {[%emt 0:00:30]} Bc6 {[%emt 0:00:30]} 26. Ra5 {[%emt 0:21:59]} 1-0

[Event "Silver Lake Open-A 2018"]
[Site "Veliko Gradiste"]
[Date "2018.06.18"]
[Round "3"]
[White "Atakisi, Umut"]
[Black "Cvitan, Ognjen"]
[Result "1-0"]
[WhiteElo "2380"]
[BlackElo "2492"]
[Annotator "TA"]
[PlyCount "22"]
[EventDate "2018.06.17"]
[EventType "swiss"]
[EventCountry "SRB"]
[SourceTitle "playchess.com"]
[Source "ChessBase"]
[SourceQuality "1"]

{[%evp 21,22,38,33]} 1. e4 c5 2. Nf3 d6 3. Bb5+ Bd7 4. Bxd7+ Qxd7 5. c4 Nf6 6. Nc3 g6 7. d4 cxd4 8. Nxd4 Bg7 9. f3 O-O 10. Be3 Nc6 11. O-O a6 {LiveBook: 167 Games} 1-0

[Event "Silver Lake Open-A 2018"]
[Site "Veliko Gradiste"]
[Date "2018.06.18"]
[Round "3"]
[White "Govedarica, Radovan"]
[Black "Petrov, Nikita"]
[Result "0-1"]
[WhiteElo "2355"]
[BlackElo "2589"]
[Annotator "TA"]
[PlyCount "130"]
[EventDate "2018.06.17"]
[EventType "swiss"]
[EventCountry "SRB"]
[SourceTitle "playchess.com"]
[Source "ChessBase"]
[SourceQuality "1"]

{[%evp 19,130,-9,-5,-25,-26,-20,-17,-48,-48,-55,-52,-59,-54,-55,-37,-37,-25,-37,-37,-45,-22,-37,0,-37,-8,-45,-3,-15,16,20,41,16,18,0,0,0,0,-5,0,0,0,0,32,0,0,0,0,0,0,0,0,0,166,97,258,258,381,378,345,249,432,448,562,27,25,41,37,77,68,0,0,0,0,0,0,0,0,0,0,0,0,0,0,0,0,-8,-8,-21,0,0,0,-44,0,0,0,0,-8,-8,-8,-9,-9,-94,-108,-29968,-29970,-29968,-29967,-2454,-1769,-592,-588,-29986,-29986]} 1. e4 e5 2. Nf3 Nc6 3. Bb5 a6 4. Bxc6 dxc6 5. O-O Bg4 6. h3 h5 7. d3 Qf6 8. Be3 Bxf3 9. Qxf3 Qxf3 10. gxf3 Bd6 {LiveBook: 177 Games} 11. Kg2 {C68: Ruy Lopez: Exchange Variation, sidelines} Ne7 12. Rg1 f6 13. Kf1 {The position is equal.} g5 14. Ke2 Ng6 15. Nd2 Kf7 16. Nf1 Rad8 17. Ng3 Nh4 18. Nf5 Nxf5 19. exf5 Rhg8 20. a3 Be7 21. b4 (21. h4 $5) 21... Ra8 22. Rgb1 (22. h4 $5) 22... b6 23. a4 g4 24. hxg4 hxg4 25. fxg4 Rxg4 26. c3 a5 {[%cal Ra5b4]} 27. b5 cxb5 28. Rxb5 Rh8 29. c4 $1 Rhh4 30. Rc1 Rh3 31. Rc2 (31. c5 $5 {[%cal Rc5b6]}) 31... e4 32. d4 Bb4 33. Rc1 Ke7 34. c5 bxc5 35. dxc5 Rh8 $2 (35... Rgh4 $11 {and Black stays safe.}) 36. c6 (36. Rb7 $18 Rc8 37. Rh1) 36... Kd6 $2 (36... Rhg8 $16) 37. Bd4 $1 $18 Ke7 (37... e3 $142 38. Bxf6 Re8 39. fxe3 Rge4) 38. Rd5 {Threatens to win with Bc5+.} Bd6 39. Rxa5 Rh5 $2 (39... Rgg8 40. Rd5 Rd8) 40. Rd5 Rf4 41. Bc5 $2 (41. a5 $18) 41... Bxc5 $11 42. Rd7+ Ke8 43. Rxc5 $14 {[%mdl 4096] Endgame KRR-KRR} Rh2 44. Rcd5 ({White should play} 44. Rxc7 $14 Rf3 45. Ke1) 44... Rhxf2+ $11 45. Ke3 {White threatens Rd8+ and mate.} R2f3+ 46. Kd2 {White wants to mate with Rd8+.} Rxf5 47. Rd8+ Kf7 {Strongly threatening ...Rxd5+.} 48. R5d7+ Kg6 {...Ra5 is the strong threat.} 49. Rg8+ Kh6 50. Rxc7 Rd3+ 51. Ke2 Rc5 52. Rd7 $132 {[%mdl 2048] White is fighting back} Rc2+ 53. Ke1 Rc1+ 54. Ke2 Rc2+ 55. Ke1 {aiming for Rxd3.} Ra3 56. c7 Ra1+ 57. Rd1 Rxd1+ 58. Kxd1 Rxc7 {KR-KR} 59. Kd2 $1 f5 {[%cal Bf6f5,Bf5f4,Bf4f3][%mdl 32] And now ...f4 would win.} (59... Ra7 $5) 60. a5 {[#]} (60. Ke3 $1 $11 {remains equal.}) 60... f4 $1 $17 61. Rg4 $2 {[%mdl 8192] [#]} (61. Re8 $17) 61... e3+ $1 62. Ke2 Rc2+ 63. Kd3 Rd2+ 64. Kc3 f3 {Hoping for ...f2.} 65. a6 Ra2 {Precision: White = 45%, Black = 54%.} 0-1

[Event "Silver Lake Open-A 2018"]
[Site "Veliko Gradiste"]
[Date "2018.06.18"]
[Round "3"]
[White "Konaplev, Anton"]
[Black "Atalik, Suat"]
[Result "1/2-1/2"]
[WhiteElo "2353"]
[BlackElo "2512"]
[Annotator "TA"]
[PlyCount "90"]
[EventDate "2018.06.17"]
[EventType "swiss"]
[EventCountry "SRB"]
[SourceTitle "playchess.com"]
[Source "ChessBase"]
[SourceQuality "1"]

{[%evp 15,90,0,0,0,0,0,0,0,2,-41,-10,-12,-12,-17,-14,-16,-10,-15,-14,-14,-13,-16,-7,-26,-5,-10,0,0,0,0,0,0,0,-6,-3,-6,-5,-13,0,0,0,0,0,0,0,-10,-6,-18,-7,-7,-7,-6,-7,-7,0,-7,0,0,0,0,0,0,0,0,0,0,0,0,0,0,0,0,0,0,0,0,0]} 1. d4 Nf6 2. c4 g6 3. Nc3 d5 4. Bf4 Bg7 5. e3 c5 6. dxc5 Qa5 7. Qb3 dxc4 8. Bxc4 O-O {LiveBook: 7 Games. D82: Grünfeld: 4 Bf4} 9. Qb5 Qxb5 10. Bxb5 Bd7 11. Be2 Bc6 12. Bf3 Rc8 13. Rd1 Na6 14. Be5 Nxc5 15. Bxc6 Rxc6 16. Nge2 Nfe4 17. Bxg7 Kxg7 18. O-O Rac8 19. Rd4 (19. Nd5 {with more complications.} Kf8 20. f3 Nd6 21. b3 Ne6 22. Rc1) 19... Nxc3 (19... Nd6 {is interesting.} 20. Rb1 b5 21. a3 a5 22. b4 Ne6) 20. Nxc3 {The position is equal.} Ne6 21. Rd2 a6 22. Rfd1 b5 23. Kf1 Nc5 24. Nd5 Ne4 25. Rd4 Rc1 {[#] Threatens to win with ...e5.} 26. f3 ({Much weaker is} 26. Nxe7 Rxd1+ 27. Rxd1 Rc2 $17) 26... e5 27. R4d3 Nf6 28. Nxf6 Rxd1+ 29. Rxd1 {[#] aiming for Nd7.} Kxf6 $11 {[%mdl 4096] Endgame KR-KR} 30. Ke2 Ke6 31. Kd2 g5 32. e4 f5 33. Rc1 Rxc1 34. Kxc1 {KP-KP} f4 35. Kd2 Kd6 36. b4 Ke6 37. Ke2 Kf6 38. Kf2 Kg6 39. Kf1 Kh5 40. Kg1 Kh4 41. Kh1 g4 42. Kg1 Kg5 43. Kf1 h5 44. Kg1 h4 45. h3 gxh3 {Precision: White = 67%, Black = 61%.} 1/2-1/2